000 00688nam a2200265Ia 4500
003 OSt
005 20220924131755.0
006 a|||||r|||| 00| 0
007 ta
008 220923b |||||||| |||| 00| 0 tel d
020 _aRs.2.0
020 _cRs.2.
024 _a341910
037 _cTextual
040 _aARTS
_cARTS
_btel
041 _2tel
_atel
082 _aO35,2NGA1, K6
100 _aGarikapati Au.
_9202845
245 0 _aRakta Pipasi
260 _aVijayawada
_bAdarsa Grantha Mandali India
_c1967
300 _a110p.
_ccm.
650 _aTELUGU LITERATURE
942 _hO35,2NGA1, K6
_cTEXL
_2CC
999 _c428163
_d428163